[Event "14. Open Diputación Málaga 2011"]
[Site "Malaga ESP"]
[Date "2011.04.29"]
[Round "1.1"]
[White "Rivas Pastor, Manuel"]
[Black "Garcia De Lomas Guerrero, Carlo"]
[Result "1-0"]
[WhiteElo "2533"]
[BlackElo "1951"]
[PlyCount "47"]
[EventDate "2011.04.29"]
[EventType "swiss"]
[EventRounds "7"]
[EventCountry "ESP"]
[Source "lmi"]
[SourceDate "2011.04.29"]

1. g3 Nf6 2. Bg2 d5 3. c4 e6 4. Nf3 Be7 5. b3 O-O 6. Bb2 Nbd7 7. O-O b6 8. cxd5
exd5 9. Nd4 Bb7 10. Nf5 Re8 11. Nxe7+ Qxe7 12. e3 Ba6 13. Re1 Ne5 14. Bxe5 Qxe5
15. d4 Qf5 16. Nc3 Ne4 17. Qc2 c5 18. dxc5 bxc5 19. Rac1 Rac8 20. f3 Nd6 21.
Qxf5 Nxf5 22. Nxd5 c4 23. Bh3 Rc5 24. Red1 1-0

[Event "14. Open Diputación Málaga 2011"]
[Site "Malaga ESP"]
[Date "2011.04.29"]
[Round "1.2"]
[White "Dominguez Garcia, Juan Antonio"]
[Black "Ibarra Jerez, Jose Carlos"]
[Result "0-1"]
[WhiteElo "1946"]
[BlackElo "2522"]
[PlyCount "54"]
[EventDate "2011.04.29"]
[EventType "swiss"]
[EventRounds "7"]
[EventCountry "ESP"]
[Source "lmi"]
[SourceDate "2011.04.29"]

1. e4 c5 2. c3 Nf6 3. Bc4 Nc6 4. Qe2 d5 5. exd5 Nxd5 6. Na3 g6 7. Nb5 Be6 8.
Qf3 Ne5 9. Qe4 Nxc4 10. Qxc4 Nb4 11. Qe4 Bd5 12. Qg4 Nc2+ 13. Kd1 Nxa1 14. Qg5
f5 15. Qg3 Rc8 16. Qe5 Rg8 17. Nf3 Bg7 18. Qe2 a6 19. Na3 Bxa2 20. Ng5 Bb3+ 21.
Ke1 Rc6 22. d3 h6 23. Nh3 Bf7 24. Be3 Nb3 25. f3 g5 26. Nf2 Re6 27. Nc4 b5 0-1

[Event "14. Open Diputación Málaga 2011"]
[Site "Malaga ESP"]
[Date "2011.04.29"]
[Round "1.4"]
[White "Jurado Vazquez, Jose Carlos"]
[Black "Khamrakulov, Ibragim S"]
[Result "0-1"]
[WhiteElo "1941"]
[BlackElo "2495"]
[PlyCount "168"]
[EventDate "2011.04.29"]
[EventType "swiss"]
[EventRounds "7"]
[EventCountry "ESP"]
[Source "lmi"]
[SourceDate "2011.04.29"]

1. c4 c5 2. Nc3 g6 3. Nf3 Bg7 4. e3 Nf6 5. d4 cxd4 6. exd4 d5 7. Qb3 dxc4 8.
Bxc4 O-O 9. Ne5 e6 10. Be3 Nc6 11. Nxc6 bxc6 12. O-O Nd5 13. Rad1 a5 14. Na4
Qd6 15. Nc5 Bd7 16. Qb7 Rfd8 17. Bg5 f6 18. Bh4 Qb8 19. Bg3 Qxb7 20. Nxb7 Rdc8
21. Nc5 Ra7 22. Rfe1 Kf7 23. Rd3 Bf8 24. Ne4 Kg7 25. h4 h5 26. a3 Re8 27. Rf3
Be7 28. Bd6 a4 29. Bxe7 Rxe7 30. Nc5 Bc8 31. Bxd5 cxd5 32. Rfe3 Kf7 33. f4 Bd7
34. Nd3 Rb7 35. Nb4 Bb5 36. Rc3 Bc4 37. Rc2 Rb6 38. Kf2 Re8 39. Kf3 Rg8 40. Rc3
g5 41. hxg5 fxg5 42. fxg5 Rxg5 43. Rce3 Rg4 44. Rd1 Kf6 45. g3 Bb3 46. Rd2 Rb8
47. Nc6 Rc8 48. Ne5 Rg7 49. g4 hxg4+ 50. Nxg4+ Ke7 51. Ne5 Bc2 52. Kf2 Be4 53.
Re1 Rg2+ 54. Ke3 Rxd2 55. Kxd2 Rc2+ 56. Ke3 Rxb2 57. Kf4 Rf2+ 58. Ke3 Ra2 59.
Rg1 Kf6 60. Rf1+ Bf5 61. Nd7+ Ke7 62. Nc5 Rxa3+ 63. Kd2 Ra2+ 64. Kc3 Rc2+ 65.
Kb4 Rc4+ 66. Ka3 Rxd4 67. Nxa4 Kd6 68. Nc3 Kc5 69. Na4+ Kb5 70. Nc3+ Kc6 71.
Nd1 Rd3+ 72. Ka2 Rd2+ 73. Ka3 d4 74. Nb2 Kb5 75. Re1 Rc2 76. Na4 Kc4 77. Re5
Rh2 78. Rc5+ Kd3 79. Kb3 Be4 80. Nb2+ Ke3 81. Nd1+ Kf4 82. Nb2 Bd5+ 83. Ka3
Rh3+ 84. Ka4 Rc3 0-1

[Event "14. Open Diputación Málaga 2011"]
[Site "Malaga ESP"]
[Date "2011.04.29"]
[Round "1.6"]
[White "Munoz Jorva, Miguel Angel"]
[Black "Gonzalez Perez, Arian"]
[Result "0-1"]
[WhiteElo "1921"]
[BlackElo "2448"]
[PlyCount "56"]
[EventDate "2011.04.29"]
[EventType "swiss"]
[EventRounds "7"]
[EventCountry "ESP"]
[Source "lmi"]
[SourceDate "2011.04.29"]

1. d4 Nf6 2. c4 g6 3. Nc3 Bg7 4. e4 d6 5. f4 O-O 6. Nf3 c5 7. d5 e6 8. dxe6
fxe6 9. Bd3 Nc6 10. O-O Nd4 11. Ng5 e5 12. f5 h6 13. Nh3 gxf5 14. exf5 b5 15.
Nd5 Nxd5 16. cxd5 c4 17. Be4 Qh4 18. Nf2 Bxf5 19. g3 Qe7 20. Qh5 Bxe4 21. Nxe4
Rxf1+ 22. Kxf1 Rf8+ 23. Kg2 Qb7 24. Bxh6 Qxd5 25. Qg4 Nf5 26. Rd1 Qe6 27. Qg5
Qxh6 28. Qxh6 Bxh6 0-1

[Event "14. Open Diputación Málaga 2011"]
[Site "Malaga ESP"]
[Date "2011.04.29"]
[Round "1.7"]
[White "Garrido Dominguez, Jesus"]
[Black "Jurado Vazquez, Javier"]
[Result "1-0"]
[WhiteElo "2417"]
[BlackElo "1919"]
[PlyCount "55"]
[EventDate "2011.04.29"]
[EventType "swiss"]
[EventRounds "7"]
[EventCountry "ESP"]
[Source "lmi"]
[SourceDate "2011.04.29"]

1. e4 d5 2. exd5 Nf6 3. Nf3 Nxd5 4. d4 Bg4 5. c4 Nb6 6. Be2 e6 7. h3 Bh5 8. Be3
Nc6 9. Nbd2 Be7 10. O-O Bf6 11. Ne4 Bxf3 12. Nxf6+ Qxf6 13. Bxf3 O-O-O 14. Bxc6
bxc6 15. Qe2 g5 16. a4 h5 17. a5 Na8 18. Qc2 g4 19. Qe4 Rd6 20. Qe5 Qxe5 21.
dxe5 Rd3 22. hxg4 hxg4 23. Bxa7 Rh5 24. Rfe1 Rd2 25. Re4 Rd8 26. Rae1 Rd2 27.
Rxg4 Rxb2 28. Rg8+ 1-0

[Event "14. Open Diputación Málaga 2011"]
[Site "Malaga ESP"]
[Date "2011.04.29"]
[Round "1.8"]
[White "Corrales Ibanez, Pedro Luis"]
[Black "Marholev, Dimitar"]
[Result "0-1"]
[WhiteElo "1917"]
[BlackElo "2384"]
[PlyCount "58"]
[EventDate "2011.04.29"]
[EventType "swiss"]
[EventRounds "7"]
[EventCountry "ESP"]
[Source "lmi"]
[SourceDate "2011.04.29"]

1. e4 e5 2. Nf3 Nc6 3. d4 exd4 4. Bc4 Nf6 5. e5 d5 6. Bb5 Nd7 7. O-O Be7 8. c3
dxc3 9. Nxc3 Nb6 10. Be3 a6 11. Be2 Be6 12. Bxb6 cxb6 13. Qd2 d4 14. Ne4 Qd5
15. Qf4 h6 16. Rfd1 O-O-O 17. Nc3 Qc5 18. Ne4 Qd5 19. Nc3 Qa5 20. Nxd4 Rxd4 21.
Rxd4 g5 22. Qd2 Nxd4 23. Qxd4 Rd8 24. Qe4 Qb4 25. Qxb4 Bxb4 26. Rd1 Rxd1+ 27.
Bxd1 Bxc3 28. bxc3 Bxa2 29. g3 b5 0-1

[Event "14. Open Diputación Málaga 2011"]
[Site "Malaga ESP"]
[Date "2011.04.29"]
[Round "1.9"]
[White "Quillan, Gary"]
[Black "Molina Mataran, Manuel"]
[Result "1-0"]
[WhiteElo "2383"]
[BlackElo "1910"]
[PlyCount "51"]
[EventDate "2011.04.29"]
[EventType "swiss"]
[EventRounds "7"]
[EventCountry "ESP"]
[Source "lmi"]
[SourceDate "2011.04.29"]

1. e4 e5 2. Nf3 d6 3. d4 exd4 4. Nxd4 Nf6 5. Nc3 Be7 6. Bf4 O-O 7. Qd2 c5 8.
Ndb5 Re8 9. O-O-O Nc6 10. Bxd6 Bxd6 11. Nxd6 Re7 12. f4 Bg4 13. Re1 Nd4 14. e5
Ne8 15. Nce4 Qb6 16. c3 Nc6 17. Bc4 Rd8 18. Ng5 Nxd6 19. exd6 Red7 20. Nxf7
Rxf7 21. Bxf7+ Kxf7 22. Qd5+ Kf8 23. Qg5 Rxd6 24. Qxg4 Na5 25. Qf5+ Rf6 26.
Qc8+ 1-0

[Event "14. Open Diputación Málaga 2011"]
[Site "Malaga ESP"]
[Date "2011.04.29"]
[Round "1.10"]
[White "Valero Gutierrez, Alvaro"]
[Black "Camacho Collados, Jose"]
[Result "0-1"]
[WhiteElo "1902"]
[BlackElo "2380"]
[PlyCount "94"]
[EventDate "2011.04.29"]
[EventType "swiss"]
[EventRounds "7"]
[EventCountry "ESP"]
[Source "lmi"]
[SourceDate "2011.04.29"]

1. e4 c5 2. Nf3 Nc6 3. Bb5 g6 4. Bxc6 dxc6 5. d3 Bg7 6. Nc3 Nf6 7. Be3 b6 8.
Qd2 Ng4 9. Bf4 e5 10. Bg3 f6 11. h3 Nh6 12. O-O-O Nf7 13. Qe2 b5 14. Nd2 Bh6
15. Rhf1 Qd6 16. f4 exf4 17. e5 Nxe5 18. Nce4 Qe7 19. Bxf4 Bxf4 20. Rxf4 O-O
21. Re1 Bf5 22. Qf2 Rae8 23. g4 Bxe4 24. Nxe4 Kg7 25. Nxc5 Qf7 26. Rfe4 Qxa2
27. Nb3 Nxd3+ 28. cxd3 Rxe4 29. Rxe4 Qxb3 30. Qxa7+ Rf7 31. Qe3 Qd5 32. Kc2 h5
33. Kc3 c5 34. b4 cxb4+ 35. Kxb4 Qd6+ 36. Kb3 Rd7 37. Kc2 Qa3 38. Kd2 hxg4 39.
hxg4 Qb2+ 40. Kd1 Kf7 41. Qd2 Qb1+ 42. Ke2 Rc7 43. Rb4 Re7+ 44. Kf2 Qh1 45. Rb2
Qh2+ 46. Kf3 Qh3+ 47. Kf2 Re5 0-1

[Event "14. Open Diputación Málaga 2011"]
[Site "Malaga ESP"]
[Date "2011.04.30"]
[Round "2.1"]
[White "Cuenca Jimenez, Francisco Javier"]
[Black "Rivas Pastor, Manuel"]
[Result "0-1"]
[WhiteElo "2194"]
[BlackElo "2533"]
[PlyCount "104"]
[EventDate "2011.04.29"]
[EventType "swiss"]
[EventRounds "7"]
[EventCountry "ESP"]
[Source "lmi"]
[SourceDate "2011.04.29"]

1. c4 e5 2. g3 Nf6 3. Bg2 c6 4. Nf3 e4 5. Nd4 d5 6. cxd5 Qxd5 7. Nc2 Qh5 8. h3
Qg6 9. Ne3 Bd6 10. Nc3 O-O 11. Qc2 Re8 12. b3 Na6 13. a3 Bd7 14. b4 b5 15. d4
exd3 16. Qxd3 Be5 17. Bd2 Qxd3 18. exd3 Nc7 19. O-O a5 20. Rab1 axb4 21. axb4
Ra3 22. Rfc1 Ne6 23. Kh2 h5 24. h4 Nd4 25. f4 Bb8 26. Nc2 Ng4+ 27. Kh1 Ne2 28.
Nxe2 Rxd3 29. Ned4 Rxd2 30. Ra1 Bd6 31. Ra7 Rd8 32. Bxc6 Bxc6+ 33. Nxc6 Re8 34.
N2d4 Bxb4 35. Nxb4 Rxd4 36. Nc6 Rd3 37. Ne7+ Kf8 38. Rcc7 Rxg3 39. Ng6+ Kg8 40.
Ne5 Nxe5 41. fxe5 Rxe5 42. Rxf7 Rg4 43. Rfb7 b4 44. Ra8+ Kh7 45. Kh2 Rxh4+ 46.
Kg3 Rg4+ 47. Kf3 Rf5+ 48. Ke3 Rc5 49. Rbb8 Rc7 50. Kf2 Rc6 51. Rh8+ Kg6 52. Ra5
Rf6+ 0-1

[Event "14. Open Diputación Málaga 2011"]
[Site "Malaga ESP"]
[Date "2011.04.30"]
[Round "2.2"]
[White "Ibarra Jerez, Jose Carlos"]
[Black "Ruiz Gutierrez, Manuel"]
[Result "1-0"]
[WhiteElo "2522"]
[BlackElo "2193"]
[PlyCount "107"]
[EventDate "2011.04.29"]
[EventType "swiss"]
[EventRounds "7"]
[EventCountry "ESP"]
[Source "lmi"]
[SourceDate "2011.04.29"]

1. e4 c5 2. Nf3 d6 3. d4 cxd4 4. Nxd4 Nf6 5. Nc3 a6 6. Be3 e5 7. Nf3 Be7 8. Bc4
O-O 9. O-O Nbd7 10. a4 Qc7 11. Qe2 b6 12. Rfd1 Bb7 13. Bg5 h6 14. Bxf6 Nxf6 15.
Nh4 Rfd8 16. Nf5 Bf8 17. Bb3 g6 18. Ne3 Kg7 19. Qf3 Rac8 20. Rd3 Bc6 21. Rad1
Qb7 22. Ncd5 Bxd5 23. Bxd5 Nxd5 24. Rxd5 Be7 25. Qe2 Rc5 26. Rxc5 dxc5 27. Rxd8
Bxd8 28. Qd3 Be7 29. g3 b5 30. axb5 axb5 31. b3 Qc6 32. Qd5 Qc7 33. Ng4 Bf6 34.
Qd2 Bg5 35. Qd5 Bf6 36. h4 h5 37. Ne3 Be7 38. Qa8 Bd8 39. Kg2 Be7 40. Qe8 Qb7
41. Nd5 Bd6 42. Qd8 Qb8 43. Qd7 Bf8 44. Nc7 b4 45. Ne6+ Kf6 46. Ng5 Be7 47.
Nh7+ Kg7 48. Qxe7 Kxh7 49. Qxf7+ Kh6 50. Qe7 c4 51. bxc4 b3 52. cxb3 Qxb3 53.
Qxe5 Qxc4 54. Qh8# 1-0

[Event "14. Open Diputación Málaga 2011"]
[Site "Malaga ESP"]
[Date "2011.04.30"]
[Round "2.3"]
[White "Pap, Misa"]
[Black "Ferrer Sanchez, Pedro Jesus"]
[Result "0-1"]
[WhiteElo "2496"]
[BlackElo "2180"]
[PlyCount "54"]
[EventDate "2011.04.29"]
[EventType "swiss"]
[EventRounds "7"]
[EventCountry "ESP"]
[Source "lmi"]
[SourceDate "2011.04.29"]

1. g3 c5 2. Bg2 Nf6 3. d3 d5 4. Nf3 e6 5. O-O Be7 6. Nbd2 d4 7. c3 dxc3 8. bxc3
Nc6 9. Nc4 Nd5 10. Bb2 Bf6 11. d4 Nb6 12. Nxb6 axb6 13. e4 O-O 14. e5 Be7 15.
h4 h6 16. Re1 Bd7 17. a3 Na5 18. Nd2 Bc6 19. Ne4 cxd4 20. cxd4 Nc4 21. Bc1 Ra5
22. Bf4 Nxa3 23. Qg4 Kh8 24. Rad1 Nc2 25. Re2 Nb4 26. Qh5 Be8 27. Bxh6 f5 0-1

[Event "14. Open Diputación Málaga 2011"]
[Site "Malaga ESP"]
[Date "2011.04.30"]
[Round "2.4"]
[White "Khamrakulov, Ibragim S"]
[Black "Guadamuro Torrente, Ana Isabel"]
[Result "1-0"]
[WhiteElo "2495"]
[BlackElo "2167"]
[PlyCount "105"]
[EventDate "2011.04.29"]
[EventType "swiss"]
[EventRounds "7"]
[EventCountry "ESP"]
[Source "lmi"]
[SourceDate "2011.04.29"]

1. e4 e5 2. Nf3 Nc6 3. Bc4 Bc5 4. O-O Nf6 5. d3 O-O 6. c3 d6 7. h3 a6 8. Bb3 h6
9. Be3 Ba7 10. Nbd2 Kh8 11. Bxa7 Rxa7 12. d4 Qe7 13. dxe5 dxe5 14. Bd5 Nb8 15.
Qe2 c6 16. Bb3 b5 17. a4 Nbd7 18. axb5 cxb5 19. c4 b4 20. Ba4 Bb7 21. Bxd7 Nxd7
22. Nb3 Nc5 23. Nxc5 Qxc5 24. Rfd1 Bc6 25. Ne1 a5 26. b3 Qe7 27. Qe3 Rfa8 28.
Nd3 a4 29. c5 axb3 30. Rab1 Rb8 31. Rdc1 Ra3 32. Nb2 Rb5 33. Kh2 Kg8 34. f3 Kh8
35. Qd2 Ra7 36. Nd3 Ra2 37. Rb2 Qe6 38. Rcb1 f6 39. Qd1 Rxb2 40. Rxb2 Qc4 41.
Qxb3 Qc3 42. Rb1 Kh7 43. Kg3 Ra5 44. Qxc3 bxc3 45. Rc1 Bb5 46. Nb4 Ra4 47. Nd5
Bc6 48. Rxc3 h5 49. Ne7 Ra6 50. Rb3 Be8 51. Rb8 Bd7 52. Rb7 Be8 53. Nf5 1-0

[Event "14. Open Diputación Málaga 2011"]
[Site "Malaga ESP"]
[Date "2011.04.30"]
[Round "2.6"]
[White "Gonzalez Perez, Arian"]
[Black "Carsten, Byrn"]
[Result "0-1"]
[WhiteElo "2448"]
[BlackElo "2135"]
[PlyCount "67"]
[EventDate "2011.04.29"]
[EventType "swiss"]
[EventRounds "7"]
[EventCountry "ESP"]
[Source "lmi"]
[SourceDate "2011.04.29"]

1. Nf3 Nf6 2. c4 g6 3. g3 Bg7 4. Bg2 d5 5. cxd5 Nxd5 6. Nc3 Nxc3 7. bxc3 O-O 8.
O-O c5 9. Rb1 Nc6 10. Qa4 Qc7 11. Ba3 Bd7 12. Bxc5 Nd4 13. Qb4 Nc2 14. Qxb7
Qxc5 15. Qxd7 Rab8 16. Qa4 Na3 17. Rb3 Nc4 18. Rfb1 Rbc8 19. d3 Ne5 20. Nxe5
Qxe5 21. Bf3 Rxc3 22. Rxc3 Qxc3 23. Qxa7 h5 24. a4 h4 25. Qxe7 hxg3 26. hxg3
Bd4 27. Kg2 Bf6 28. Qb4 Qc8 29. Qc4 Qd8 30. Rb7 Kg7 31. Bd5 Qd6 32. Bxf7 Be7
33. Bd5 Qf6 34. f4 0-1

[Event "14. Open Diputación Málaga 2011"]
[Site "Malaga ESP"]
[Date "2011.04.30"]
[Round "2.7"]
[White "Vinas Guerrero, Carlos Alberto"]
[Black "Garrido Dominguez, Jesus"]
[Result "1/2-1/2"]
[WhiteElo "2132"]
[BlackElo "2417"]
[PlyCount "83"]
[EventDate "2011.04.29"]
[EventType "swiss"]
[EventRounds "7"]
[EventCountry "ESP"]
[Source "lmi"]
[SourceDate "2011.04.29"]

1. e4 e5 2. Nf3 Nc6 3. Bb5 Nf6 4. d3 d6 5. O-O Be7 6. c3 O-O 7. Re1 a6 8. Bxc6
bxc6 9. d4 Nd7 10. dxe5 dxe5 11. Nbd2 f6 12. Nc4 a5 13. Be3 a4 14. b4 Qe8 15.
a3 Kh8 16. Na5 Nb6 17. Nd2 Be6 18. Qe2 c5 19. Nb7 Nd7 20. Qb5 Qc8 21. Nxc5 Nxc5
22. bxc5 c6 23. Qe2 Rb8 24. Rab1 Qc7 25. Nc4 Rb3 26. Rxb3 axb3 27. Nb6 Qa7 28.
a4 Qa5 29. h3 Bxc5 30. Nc4 Qxc3 31. Bxc5 Bxc4 32. Qd1 Ra8 33. Re3 Qc2 34. Qxc2
bxc2 35. Rc3 Rxa4 36. Rxc2 Kg8 37. Rd2 Ra1+ 38. Kh2 Bb5 39. Rd8+ Kf7 40. Rd7+
Kg8 41. Rd8+ Kf7 42. Rd7+ 1/2-1/2

[Event "14. Open Diputación Málaga 2011"]
[Site "Malaga ESP"]
[Date "2011.04.30"]
[Round "2.8"]
[White "Marholev, Dimitar"]
[Black "Perez Garcia, Roberto"]
[Result "1-0"]
[WhiteElo "2384"]
[BlackElo "2131"]
[PlyCount "75"]
[EventDate "2011.04.29"]
[EventType "swiss"]
[EventRounds "7"]
[EventCountry "ESP"]
[Source "lmi"]
[SourceDate "2011.04.29"]

1. Nf3 Nf6 2. c4 g6 3. Nc3 d5 4. Qa4+ Bd7 5. Qb3 dxc4 6. Qxc4 a6 7. e4 b5 8.
Qe2 Bc6 9. e5 Nd5 10. d4 Bg7 11. Ne4 O-O 12. h4 Nb4 13. a3 Bxe4 14. Qxe4 Qd5
15. Qxd5 Nxd5 16. Bd3 Nc6 17. Bd2 e6 18. Rc1 Nce7 19. h5 Rfd8 20. hxg6 hxg6 21.
Bg5 Rd7 22. Ke2 Rb8 23. Bd2 Nb6 24. b3 Ned5 25. Rh4 Rc8 26. a4 bxa4 27. Bxa6
Ra8 28. Bb7 Ra7 29. Bc6 Rd8 30. bxa4 Nxa4 31. Bg5 Rb8 32. Bxd5 exd5 33. Bf6
Rb2+ 34. Ke3 Ra6 35. Rxc7 Rb8 36. Bxg7 Kxg7 37. Ng5 Rf8 38. e6 1-0

[Event "14. Open Diputación Málaga 2011"]
[Site "Malaga ESP"]
[Date "2011.04.30"]
[Round "2.9"]
[White "Aranaz Portugues, Jose Carlos"]
[Black "Quillan, Gary"]
[Result "1-0"]
[WhiteElo "2130"]
[BlackElo "2383"]
[PlyCount "69"]
[EventDate "2011.04.29"]
[EventType "swiss"]
[EventRounds "7"]
[EventCountry "ESP"]
[Source "lmi"]
[SourceDate "2011.04.29"]

1. d4 e6 2. c4 Nf6 3. g3 c5 4. Nf3 cxd4 5. Nxd4 Nc6 6. Bg2 Bc5 7. e3 O-O 8. O-O
d5 9. cxd5 Nxd5 10. Nxc6 bxc6 11. Qc2 Qb6 12. Bd2 Bb7 13. a3 Rfd8 14. b4 Be7
15. e4 Nf6 16. Be3 Qb5 17. Nc3 Qd3 18. Qb3 Qd7 19. Rfd1 Qc7 20. Rxd8+ Bxd8 21.
Na4 Ng4 22. Bc5 Ba6 23. Rd1 Bb5 24. Bd6 Bxa4 25. Qxa4 Qb6 26. Bc5 Qc7 27. h3
Nf6 28. Bd6 Qb7 29. Rc1 Rc8 30. e5 Nd5 31. Bf1 Bb6 32. Ba6 Bxf2+ 33. Kxf2 Qb6+
34. Bc5 Qc7 35. Bxc8 1-0

[Event "14. Open Diputación Málaga 2011"]
[Site "Malaga ESP"]
[Date "2011.05.01"]
[Round "3.1"]
[White "Rivas Pastor, Manuel"]
[Black "Gemy Vargas, Jose Daniel"]
[Result "1/2-1/2"]
[WhiteElo "2533"]
[BlackElo "2288"]
[PlyCount "108"]
[EventDate "2011.04.29"]
[EventType "swiss"]
[EventRounds "7"]
[EventCountry "ESP"]
[Source "lmi"]
[SourceDate "2011.04.29"]

1. e4 e6 2. d3 c5 3. Nf3 Nc6 4. g3 g6 5. Bg2 Bg7 6. O-O Nge7 7. Re1 d6 8. a3 e5
9. c3 O-O 10. b4 b6 11. Nbd2 h6 12. Bb2 Be6 13. Rb1 Rc8 14. d4 exd4 15. cxd4
cxd4 16. Nb3 Ne5 17. Nbxd4 Bc4 18. Re3 Ng4 19. Rc3 d5 20. exd5 Nxd5 21. Rc2
Nde3 22. fxe3 Nxe3 23. Qe1 Nxc2 24. Nxc2 Re8 25. Qc1 Bd3 26. Bxg7 Kxg7 27. Qb2+
Qf6 28. Ncd4 Bxb1 29. Qxb1 Rc4 30. Qd3 Rc1+ 31. Bf1 Rd8 32. Kg2 Rc7 33. Qe3 Re7
34. Qf4 Qxf4 35. gxf4 Re3 36. a4 Ra3 37. Bb5 a6 38. Bxa6 Rxa4 39. Nc6 Rd6 40.
Bb5 Ra2+ 41. Kg3 Rc2 42. Nce5 Rc3 43. Be2 Rd8 44. b5 Rc2 45. Bc4 f6 46. Nc6
Rxc4 47. Nxd8 Rb4 48. Nd4 f5 49. N8c6 Rb2 50. h4 Kf6 51. Kf3 Rh2 52. Kg3 Rb2
53. Kf3 Rh2 54. Kg3 Rb2 1/2-1/2

[Event "14. Open Diputación Málaga 2011"]
[Site "Malaga ESP"]
[Date "2011.05.01"]
[Round "3.2"]
[White "Terron Elena, Francisco Miguel"]
[Black "Ibarra Jerez, Jose Carlos"]
[Result "0-1"]
[WhiteElo "2301"]
[BlackElo "2522"]
[PlyCount "84"]
[EventDate "2011.04.29"]
[EventType "swiss"]
[EventRounds "7"]
[EventCountry "ESP"]
[Source "lmi"]
[SourceDate "2011.04.29"]

1. d4 Nf6 2. c4 d6 3. Nc3 e5 4. dxe5 dxe5 5. Qxd8+ Kxd8 6. Nf3 Nfd7 7. Bd2 f6
8. O-O-O c6 9. Rg1 Kc7 10. g4 a5 11. h4 Nc5 12. g5 Be6 13. b3 Nbd7 14. gxf6
gxf6 15. Be3 a4 16. Nd2 axb3 17. axb3 Bf5 18. Kb2 Bd6 19. Bg2 Rhg8 20. Bf3 Be6
21. Rxg8 Rxg8 22. Nde4 Nxe4 23. Nxe4 Be7 24. Kc3 Rg7 25. Bh5 f5 26. Bh6 Rg2 27.
Bg5 Bxg5 28. Nxg5 Bg8 29. Rh1 e4 30. e3 Rxf2 31. Rg1 Nf6 32. Nh3 Rh2 33. Rg7+
Kd6 34. Nf4 Rxh4 35. b4 b6 36. c5+ bxc5 37. bxc5+ Kxc5 38. Rg5 Nd5+ 39. Nxd5
cxd5 40. Rxf5 Rh3 41. Kd2 Be6 42. Re5 Rh2+ 0-1

[Event "14. Open Diputación Málaga 2011"]
[Site "Malaga ESP"]
[Date "2011.05.01"]
[Round "3.3"]
[White "Pap, Misa"]
[Black "Lopez Gonzalez, Daniel"]
[Result "1-0"]
[WhiteElo "2496"]
[BlackElo "2250"]
[PlyCount "53"]
[EventDate "2011.04.29"]
[EventType "swiss"]
[EventRounds "7"]
[EventCountry "ESP"]
[Source "lmi"]
[SourceDate "2011.04.29"]

1. e4 e6 2. d4 d5 3. Nd2 h6 4. Ngf3 Nf6 5. e5 Nfd7 6. Bd3 c5 7. c3 Nc6 8. h4
Qb6 9. dxc5 Bxc5 10. Qe2 O-O 11. Nb3 f5 12. Bf4 a5 13. O-O a4 14. Nxc5 Nxc5 15.
Be3 f4 16. Bxc5 Qxc5 17. Rfd1 Bd7 18. Nd4 Nxd4 19. cxd4 Qe7 20. Qg4 Be8 21.
Rac1 Qd7 22. Rc3 h5 23. Qg5 Qd8 24. Qxd8 Rxd8 25. Rdc1 Rf7 26. Rc8 Rfd7 27. Bb5
1-0

[Event "14. Open Diputación Málaga 2011"]
[Site "Malaga ESP"]
[Date "2011.05.01"]
[Round "3.4"]
[White "Garcia Rodriguez, Victor"]
[Black "Khamrakulov, Ibragim S"]
[Result "0-1"]
[WhiteElo "2234"]
[BlackElo "2495"]
[PlyCount "52"]
[EventDate "2011.04.29"]
[EventType "swiss"]
[EventRounds "7"]
[EventCountry "ESP"]
[Source "lmi"]
[SourceDate "2011.04.29"]

1. e4 c5 2. Nf3 a6 3. d4 cxd4 4. Nxd4 Nf6 5. Nc3 e5 6. Nb3 Bb4 7. Bd2 Nc6 8.
Bd3 Bxc3 9. Bxc3 d5 10. Qe2 O-O 11. O-O d4 12. Bd2 a5 13. a4 h6 14. f4 exf4 15.
Rxf4 Nd7 16. Bc4 Nde5 17. Bd5 Be6 18. Qb5 Qc7 19. Raf1 Rfe8 20. Nc5 Bxd5 21.
exd5 Na7 22. Qxb7 Qxc5 23. Rxf7 Nxf7 24. Qxf7+ Kh8 25. Bxh6 d3+ 26. Kh1 Qf8 0-1

[Event "14. Open Diputación Málaga 2011"]
[Site "Malaga ESP"]
[Date "2011.05.01"]
[Round "3.5"]
[White "Rioboo de la Riva, Alvaro"]
[Black "Gonzalez Perez, Arian"]
[Result "1/2-1/2"]
[WhiteElo "2210"]
[BlackElo "2448"]
[PlyCount "72"]
[EventDate "2011.04.29"]
[EventType "swiss"]
[EventRounds "7"]
[EventCountry "ESP"]
[Source "lmi"]
[SourceDate "2011.04.29"]

1. e4 c5 2. Nc3 Nc6 3. Bb5 Nd4 4. Bc4 e6 5. Nge2 Nf6 6. O-O a6 7. d3 b5 8. Bb3
Bb7 9. Nxd4 cxd4 10. Ne2 Bc5 11. a4 Qb6 12. Ng3 h5 13. axb5 axb5 14. Rxa8+ Bxa8
15. h3 h4 16. Ne2 d5 17. exd5 Nxd5 18. Bxd5 Bxd5 19. Nf4 Bb7 20. Qg4 Kf8 21.
Re1 Rh6 22. Re5 Be7 23. Rh5 Rxh5 24. Qxh5 Bf6 25. Qh8+ Ke7 26. Bd2 e5 27. Bb4+
Kd7 28. Nh5 Qc6 29. Nxf6+ Qxf6 30. Qb8 Bc6 31. Ba5 Ke6 32. Bd8 Qf4 33. Qc7 Qc1+
34. Kh2 Qf4+ 35. Kg1 Qc1+ 36. Kh2 Qf4+ 1/2-1/2

[Event "14. Open Diputación Málaga 2011"]
[Site "Malaga ESP"]
[Date "2011.05.01"]
[Round "3.6"]
[White "Ramos Moreno, Francisco Jose"]
[Black "Marholev, Dimitar"]
[Result "0-1"]
[WhiteElo "2122"]
[BlackElo "2384"]
[PlyCount "98"]
[EventDate "2011.04.29"]
[EventType "swiss"]
[EventRounds "7"]
[EventCountry "ESP"]
[Source "lmi"]
[SourceDate "2011.04.29"]

1. b4 e5 2. Bb2 f6 3. b5 d5 4. e3 c5 5. d4 cxd4 6. exd4 e4 7. c4 f5 8. Nc3 Nf6
9. Qb3 Nbd7 10. Nh3 Qa5 11. Nf4 Bd6 12. Ne6 Nf8 13. cxd5 Bxe6 14. dxe6 Ke7 15.
Bc4 Rc8 16. Rc1 Qb4 17. O-O Rxc4 18. Nd5+ Nxd5 19. Rxc4 Qxb3 20. axb3 Nxe6 21.
Ra1 Bb8 22. Ba3+ Kd7 23. Bc5 b6 24. Ba3 Nec7 25. Rac1 Nxb5 26. Bb2 Nf4 27. R1c2
Nd3 28. Bc1 Bd6 29. g3 Ne1 30. Ra2 Nf3+ 31. Kg2 Nfxd4 32. Be3 Nxb3 33. Rb2 Na5
34. Ra4 Nc3 35. Rd4 Ke6 36. Bd2 Be5 37. Bxc3 Rc8 38. Rb5 Bxd4 39. Bxd4 g6 40.
g4 Nc6 41. gxf5+ gxf5 42. Bb2 Rg8+ 43. Kf1 Rd8 44. Rb3 Rd3 45. Rb5 Rd1+ 46. Kg2
Rb1 47. Kg3 Nd4 48. Rb4 Ne2+ 49. Kh4 Nf4 0-1

[Event "14. Open Diputación Málaga 2011"]
[Site "Malaga ESP"]
[Date "2011.05.01"]
[Round "3.7"]
[White "Camacho Collados, Marcos"]
[Black "Aranaz Portugues, Jose Carlos"]
[Result "1-0"]
[WhiteElo "2376"]
[BlackElo "2130"]
[PlyCount "67"]
[EventDate "2011.04.29"]
[EventType "swiss"]
[EventRounds "7"]
[EventCountry "ESP"]
[Source "lmi"]
[SourceDate "2011.04.29"]

1. e4 c6 2. d4 d5 3. exd5 cxd5 4. Bd3 Nc6 5. c3 Qc7 6. h3 g6 7. Ne2 Bf5 8. Bxf5
gxf5 9. Bf4 Qd7 10. Nd2 e6 11. Nf3 Bd6 12. Bg5 h6 13. Bh4 Nge7 14. Qd2 O-O-O
15. O-O-O Rdg8 16. Rhg1 Qc7 17. Kb1 Rg6 18. Bg3 Bxg3 19. Nxg3 Rhg8 20. Nh4 Rg5
21. Nf3 R5g6 22. Nh4 Rg5 23. Ne2 Rh8 24. Nf4 Ng8 25. Nf3 Rg7 26. Nh5 Rg6 27.
Nh4 Rg5 28. g4 Qd8 29. Nf3 Rxh5 30. gxh5 Nf6 31. Ne5 Nxe5 32. dxe5 Nxh5 33. Qd4
Qb6 34. Qh4 1-0